Countries With A Declining Population - Statistics

General Stats
  • This quiz has been taken 40 times
  • The average score is 15 of 22
Answer Stats
Change Country % Correct
-0.50% Romania
85%
-0.48% Ukraine
85%
-0.17% Belarus
82%
-1.01% Latvia
82%
-0.48% Lithuania
82%
-0.17% Poland
82%
-0.32% Serbia
82%
-0.67% Bulgaria
79%
-0.22% Estonia
79%
-0.34% Hungary
79%
-0.23% Japan
79%
-0.25% Moldova
77%
-0.02% Russia
77%
-0.10% Bosnia and Herzegovina
74%
-0.59% Croatia
74%
-0.16% Greece
69%
-0.12% Italy
69%
-0.37% Portugal
62%
-0.02% Andorra
41%
-0.13% Georgia
36%
-0.41% Nauru
21%
-0.11% Puerto Rico (US)
0%
No matching quizzes found
Score Distribution
Percent of People with Each Score
Percentile by Number Answered
Your Score History
You have not taken this quiz